[Event "DRUZYNOWE MISTRZOSTWA POLSKI JUNIOROW - II LIGA"]
[Site "Szczyrk, CKiR Orle Gniazdo ul. Wrzosowa 28a"]
[Date "2014-07-27"]
[Round "4.50"]
[White "Modlich, Kacper"]
[Black "Kaminski, Piotr"]
[Result "0-1"]
[WhiteTitle "II+"]
[BlackTitle "II+"]
[WhiteElo "1591"]
[BlackElo "1601"]

1. e4 c5 2. Nf3 g6 3. d4 cxd4 4. Nxd4 Nc6 5. c4 Nf6 6. Nc3 d6 7. Be2 Nxd4 8. Qxd4
Bg7 9. Be3 O-O 10. Qd2 Be6 11. O-O Qa5 12. Rac1 Rfc8 13. b3 a6 14. f3 b5 15. Nd5
Qxd2 16. Bxd2 Nxd5 17. cxd5 Bd4+ 18. Kh1 Bd7 19. Rfd1 Bb2 20. Rb1 Ba3 21. b4 Rc2
22. Rb3 Rxa2 23. Bd3 Rc8 24. Bb1 Rxd2 25. Re1 Rc1 26. Rxc1 Bxc1 27. Rd3 Rxd3 28.
Bxd3 Bd2 29. Kg1 Bxb4 30. Kf2 a5 31. Ke2 Bc3 32. Kd1 b4 33. Kc2 Ba4+ 34. Kb1 Bb3
35. Bc2 Bc4 36. Ba4 b3 37. f4 Bd3+ 38. Kc1 b2+ 39. Kd1 b1=R# 0-1

[Event "DRUZYNOWE MISTRZOSTWA POLSKI JUNIOROW - II LIGA"]
[Site "Szczyrk, CKiR Orle Gniazdo ul. Wrzosowa 28a"]
[Date "2014-07-27"]
[Round "4.51"]
[White "Mietkiewicz, Jacek"]
[Black "Ulatowski, Jakub"]
[Result "0-1"]
[WhiteTitle "II+"]
[BlackTitle "II"]
[WhiteElo "1564"]
[BlackElo "1477"]

1. d4 d5 2. c4 e6 3. Nc3 Nf6 4. Nf3 c6 5. Bg5 dxc4 6. e4 b5 7. e5 h6 8. Bh4 g5
9. Nxg5 hxg5 10. Bxg5 Nbd7 11. g3 Qa5 12. Bxf6 Nxf6 13. exf6 Bb7 14. Bg2 O-O-O
15. O-O Qb6 16. a4 a6 17. Ne2 c5 18. dxc5 Bxc5 19. Qc2 Bxg2 20. Kxg2 Qc6+ 21.
f3 Rh6 22. axb5 axb5 23. Qe4 Qxe4 24. fxe4 Kb7 25. Rad1 Rxd1 26. Rxd1 Rxf6 27.
Rf1 Rxf1 28. Kxf1 Bd6 29. Nc3 b4 30. Nd1 Be5 31. Kg2 Kc6 32. Kf3 Bxb2 33. Nxb2
c3 34. Nd3 b3 35. Nb4+ Kb5 0-1

[Event "DRUZYNOWE MISTRZOSTWA POLSKI JUNIOROW - II LIGA"]
[Site "Szczyrk, CKiR Orle Gniazdo ul. Wrzosowa 28a"]
[Date "2014-07-27"]
[Round "4.52"]
[White "Modlich, Piotr"]
[Black "Kukorowski, Jan"]
[Result "1-0"]
[WhiteTitle "II"]
[BlackTitle "II"]
[WhiteElo "1465"]
[BlackElo "1359"]

1. e4 c5 2. Nf3 g6 3. d4 cxd4 4. Nxd4 Bg7 5. c4 Nc6 6. Be3 Nf6 7. Nc3 O-O 8. Be2
d6 9. O-O Bd7 10. Qd2 a6 11. Rac1 Rc8 12. b3 Ng4 13. Bxg4 Bxg4 14. Nde2 Qa5 15.
f3 Be6 16. Na4 Qxd2 17. Bxd2 Ne5 18. Nb6 Rc6 19. Be3 Nd3 20. Rcd1 Nc5 21. Nd5
Bxd5 22. Rxd5 Nd7 23. Rc1 Nf6 24. Rdd1 h5 25. Nc3 e6 26. Rd3 Rfc8 27. Rcd1 b5
28. Rxd6 bxc4 29. Rxc6 Rxc6 30. bxc4 Rxc4 31. Ne2 Rc2 32. Rd2 Rxd2 33. Bxd2 Nd7
34. Kf2 Kf8 35. Bb4+ Ke8 36. Ke3 Kd8 37. f4 Bf8 38. Bxf8 Nxf8 39. Kd4 Kc7 40.
Nc3 Kc6 41. e5 Nd7 42. Ne4 Kb5 43. Nd6+ Kb4 44. Nxf7 Ka3 45. Nd8 Nf8 46. Kc5 Kxa2
47. Kd6 a5 48. Nxe6 Nxe6 49. Kxe6 a4 50. Kf7 a3 51. e6 Kb1 52. e7 a2 53. e8=Q
a1=Q 54. Qe1+ Kb2 55. Qxa1+ Kxa1 56. Kxg6 1-0

[Event "DRUZYNOWE MISTRZOSTWA POLSKI JUNIOROW - II LIGA"]
[Site "Szczyrk, CKiR Orle Gniazdo ul. Wrzosowa 28a"]
[Date "2014-07-27"]
[Round "4.53"]
[White "Wilk, Oktawia"]
[Black "Hryn, Zofia"]
[Result "1-0"]
[WhiteTitle "I+"]
[BlackTitle "II"]
[WhiteElo "1662"]
[BlackElo "1320"]

1. e4 c5 2. Nf3 d6 3. Bb5+ Nd7 4. d4 cxd4 5. Nxd4 a6 6. Bxd7+ Bxd7 7. O-O Nf6 8.
Re1 e6 9. c4 Be7 10. b3 O-O 11. Nc3 Rc8 12. Bb2 Qa5 13. Qd3 Qh5 14. h3 Rc5 15.
Nf3 Qg6 16. Rad1 e5 17. Ba3 Rc6 18. Qe3 Nh5 19. Nxe5 dxe5 20. Bxe7 Re8 21. Rxd7
Qe6 22. Rxb7 Rxe7 23. Rxe7 Qxe7 24. Nd5 Qd7 25. Qg5 Nf6 26. Qxe5 h6 27. Ne7+ Kh7
28. Nxc6 Qxc6 29. Qf5+ g6 30. Qf3 Qe6 31. e5 Ng8 32. Qd5 Qe7 33. Qd6 Qxd6 34.
exd6 Nf6 35. c5 Kg7 36. c6 Nd5 37. d7 Nf6 38. d8=Q a5 39. c7 a4 40. c8=R Ne8 41.
Rxe8 h5 42. Rg8+ Kh7 43. Qf6 axb3 44. Rh8# 1-0

[Event "DRUZYNOWE MISTRZOSTWA POLSKI JUNIOROW - II LIGA"]
[Site "Szczyrk, CKiR Orle Gniazdo ul. Wrzosowa 28a"]
[Date "2014-07-27"]
[Round "4.54"]
[White "Hryn, Aleksandra"]
[Black "Szelag, Zuzanna"]
[Result "0-1"]
[WhiteTitle "II+"]
[BlackTitle "I"]
[WhiteElo "1293"]
[BlackElo "1483"]

1. e4 c5 2. Nf3 Nc6 3. d4 cxd4 4. Nxd4 g6 5. Nc3 Bg7 6. Be3 Nf6 7. Bc4 Qa5 8. O-O
O-O 9. Bb3 d6 10. h3 Bd7 11. Kh1 Rac8 12. f4 a6 13. a4 Qc7 14. Qd2 Na5 15. Ba2
Nc4 16. Bxc4 Qxc4 17. Qf2 e5 18. fxe5 dxe5 19. Nf3 Nxe4 20. Nxe4 Qxe4 21. c3 f6
22. Nd2 Qc6 23. Nf3 Be6 24. Qc2 Rfd8 25. a5 Qb5 26. Bb6 Rd7 27. Rac1 Bf8 28. Nh2
Bf5 29. Qf2 Bh6 30. Ra1 Rd2 31. Qe1 Qxb2 32. Nf3 Rxg2 33. Nh4 Rh2+ 34. Kg1 Bf4
35. Rb1 Rh1+ 36. Kxh1 Qh2# 0-1

[Event "DRUZYNOWE MISTRZOSTWA POLSKI JUNIOROW - II LIGA"]
[Site "Szczyrk, CKiR Orle Gniazdo ul. Wrzosowa 28a"]
[Date "2014-07-27"]
[Round "4.55"]
[White "Jajte-pachota, Maciej"]
[Black "Ziabek, Patryk"]
[Result "0-1"]
[WhiteTitle "I"]
[BlackTitle "I"]
[WhiteElo "1916"]
[BlackElo "1896"]

1. g3 g6 2. Bg2 Bg7 3. Nc3 c5 4. f4 Nc6 5. Nf3 d5 6. O-O Bf5 7. Nh4 Nf6 8. d3 d4
9. Ne4 Bxe4 10. dxe4 O-O 11. e5 Nd5 12. Qd3 Rc8 13. c3 Nb6 14. a4 dxc3 15. Qxc3
Qd4+ 16. Be3 Qxc3 17. bxc3 Na5 18. Rfb1 Nbc4 19. Bf2 b6 20. Rd1 Rfd8 21. Nf3 Nb2
22. Rdb1 Nbc4 23. Rd1 h6 24. h4 Kf8 25. Bh3 e6 26. Bf1 Nb2 27. Rdb1 Nbc4 28. g4
Nd2 29. Rd1 Nab3 30. h5 Nxf3+ 31. exf3 Nxa1 32. Rxa1 gxh5 33. gxh5 Rd2 34. a5
Rb2 35. axb6 axb6 36. Bd3 Kg8 37. Be4 b5 38. f5 Bxe5 39. fxe6 fxe6 40. Be3 Bxc3
41. Rc1 Bd2 42. Bxd2 Rxd2 43. Kh1 Rc7 44. Rg1+ Rg7 45. Rc1 c4 46. Rb1 Rg5 47.
Bg6 c3 48. f4 Rxg6 0-1

[Event "DRUZYNOWE MISTRZOSTWA POLSKI JUNIOROW - II LIGA"]
[Site "Szczyrk, CKiR Orle Gniazdo ul. Wrzosowa 28a"]
[Date "2014-07-27"]
[Round "4.56"]
[White "Janiszewski, Filip"]
[Black "Golda, Sebastian"]
[Result "1/2-1/2"]
[WhiteTitle "I"]
[BlackTitle "I"]
[WhiteElo "1825"]
[BlackElo "1730"]

1. e4 e5 2. Nf3 Nc6 3. Bc4 Bc5 4. c3 Nf6 5. d3 d6 6. h3 O-O 7. O-O Bb6 8. Re1 Ne7
9. Bb3 Ng6 10. Na3 c6 11. d4 Qe7 12. Nc4 Bc7 13. Bc2 b5 14. Ne3 Nf4 15. Nf5 Bxf5
16. exf5 N4d5 17. a4 a6 18. Qe2 Rae8 19. axb5 axb5 20. Ra7 Qd8 21. dxe5 dxe5 22.
Ng5 Nf4 23. Qf3 N4d5 24. Ne4 h6 25. b3 Bb6 26. Ra1 Qe7 27. Nxf6+ Qxf6 28. Ba3
b4 29. cxb4 Bd4 30. Rad1 Ra8 31. Bc1 Nxb4 32. Bd3 Ra2 33. Re2 Rfa8 34. Rxa2 Rxa2
35. Bd2 Qd6 36. Bxb4 Qxb4 37. Be2 Rb2 38. f6 gxf6 39. Qg4+ Kf8 40. Qc8+ Kg7 41.
Qg4+ Kf8 1/2-1/2

[Event "DRUZYNOWE MISTRZOSTWA POLSKI JUNIOROW - II LIGA"]
[Site "Szczyrk, CKiR Orle Gniazdo ul. Wrzosowa 28a"]
[Date "2014-07-27"]
[Round "4.57"]
[White "Flach, Rajmund"]
[Black "Dixa, Oskar"]
[Result "0-1"]
[WhiteTitle "II"]
[BlackTitle "I"]
[WhiteElo "1353"]
[BlackElo "1496"]

1. e4 c5 2. c3 d5 3. exd5 Qxd5 4. Nf3 Nc6 5. Be2 Nf6 6. O-O Bg4 7. d3 e6 8. h3
Bh5 9. Qb3 Be7 10. Qxd5 Nxd5 11. Re1 O-O-O 12. Ng5 Bg6 13. Ne4 Nb6 14. Be3 c4
15. Nc5 cxd3 16. Bf1 Nc4 17. b4 Nxe3 18. fxe3 Bxc5 19. bxc5 e5 20. Nd2 e4 21.
Nb3 f5 22. g3 Bh5 23. a4 Ne5 24. Nd2 Nf3+ 25. Nxf3 Bxf3 26. Bg2 d2 27. Bxf3 dxe1=Q+
28. Rxe1 exf3 29. Kf2 Rd3 30. Rc1 Re8 31. Re1 Rxc3 32. Kxf3 g5 33. c6 bxc6 34.
a5 Ra3 35. a6 Rxa6 36. h4 h6 37. hxg5 hxg5 38. g4 f4 39. e4 Ra3+ 0-1

[Event "DRUZYNOWE MISTRZOSTWA POLSKI JUNIOROW - II LIGA"]
[Site "Szczyrk, CKiR Orle Gniazdo ul. Wrzosowa 28a"]
[Date "2014-07-27"]
[Round "4.59"]
[White "Jedrocha, Katarzyna"]
[Black "Gudelajtis, Anna"]
[Result "1/2-1/2"]
[WhiteTitle "I+"]
[BlackTitle "I"]
[WhiteElo "1723"]
[BlackElo "1507"]

1. e4 d5 2. exd5 Qxd5 3. Nc3 Qd6 4. d4 Nf6 5. Bc4 c6 6. Nge2 Bf5 7. Bf4 Qd8 8.
O-O e6 9. Qd2 Bd6 10. Rad1 O-O 11. Bg5 Nbd7 12. Ng3 Bg6 13. Bd3 Bxd3 14. Qxd3
h6 15. Bc1 Qc7 16. Nce4 Nxe4 17. Qxe4 Nf6 18. Qf3 Be7 19. Bf4 Qb6 20. b3 Nd5 21.
Be3 Qa5 22. Ra1 Nb4 23. Qe2 Qc7 24. c4 a5 25. Nh5 Kh8 26. a3 Na6 27. Qg4 Rg8 28.
f4 g6 29. Ng3 f5 30. Qf3 Bf6 31. Ne2 Qf7 32. Bd2 Nc7 33. Bc3 Kh7 34. Rfe1 Rgd8
35. Rad1 Be7 36. Bb2 Bf6 37. b4 axb4 38. axb4 Ra4 39. Qb3 Rda8 40. Ra1 Rxa1 41.
Rxa1 Rxa1+ 42. Bxa1 b5 43. Bb2 Qd7 44. g3 Bg7 45. Qd3 bxc4 46. Qxc4 Nb5 1/2-1/2

[Event "DRUZYNOWE MISTRZOSTWA POLSKI JUNIOROW - II LIGA"]
[Site "Szczyrk, CKiR Orle Gniazdo ul. Wrzosowa 28a"]
[Date "2014-07-27"]
[Round "4.60"]
[White "Wawrzyniak, Weronika"]
[Black "Furtak, Joanna"]
[Result "1/2-1/2"]
[WhiteTitle "II"]
[BlackTitle "I"]
[WhiteElo "1216"]
[BlackElo "1425"]

1. e4 e5 2. Nf3 Nc6 3. d4 exd4 4. Nxd4 Nf6 5. Nxc6 bxc6 6. e5 Nd5 7. c4 Nb6 8.
Bd3 Ba6 9. b3 Be7 10. O-O d5 11. exd6 Bf6 12. Qe2+ Kf8 13. dxc7 Qxc7 14. Bb2 Bxb2
15. Qxb2 h5 16. Na3 h4 17. Bf5 Rh5 18. Bg4 Rg5 19. Qe2 Qf4 20. h3 Re8 21. Qf3
Qd6 22. Nc2 Qg6 23. Ne3 Bc8 24. Rfe1 Bxg4 25. Nxg4 Rxe1+ 26. Rxe1 Nc8 27. Qe2
f5 28. Qf3 Qh5 29. Nh2 Qxf3 30. Nxf3 Rh5 31. Re5 g6 32. Kh2 Kf7 33. g3 hxg3+ 34.
fxg3 Kf6 35. Re8 Nd6 36. Ra8 g5 37. Kg2 Rh7 38. Nd4 Rc7 39. Rh8 Nf7 40. Re8 g4
41. Re6+ Kg7 42. Rxc6 gxh3+ 43. Kxh3 Rxc6 44. Nxc6 a6 45. b4 Kf6 46. b5 axb5 47.
cxb5 Ke6 48. b6 Nd6 49. a4 Kd7 50. Nd4 Kc8 51. a5 Kb7 52. Nb3 Kc6 53. Kh4 Kb5
54. Kg5 Ka6 55. g4 fxg4 56. Kxg4 Nb7 57. Kf4 Nxa5 58. Nxa5 Kxb6 1/2-1/2

[Event "DRUZYNOWE MISTRZOSTWA POLSKI JUNIOROW - II LIGA"]
[Site "Szczyrk, CKiR Orle Gniazdo ul. Wrzosowa 28a"]
[Date "2014-07-27"]
[Round "4.61"]
[White "Drabek, Jan"]
[Black "Zylka, Stanislaw"]
[Result "0-1"]
[WhiteTitle "I"]
[BlackTitle "I++"]
[WhiteElo "1632"]
[BlackElo "1931"]

1. e4 c5 2. Nf3 e6 3. d4 cxd4 4. Nxd4 a6 5. Nc3 b5 6. a3 d6 7. Be2 Bb7 8. O-O Nf6
9. f3 Be7 10. Be3 O-O 11. Kh1 Nbd7 12. Qe1 Re8 13. Qg3 Rc8 14. Rad1 Bf8 15. Bg5
Kh8 16. Bd3 h6 17. Bxf6 Qxf6 18. Nb3 Ne5 19. f4 Nxd3 20. Rxd3 Qg6 21. Qxg6 fxg6
22. e5 d5 23. Rd2 b4 24. axb4 Bxb4 25. Rd3 Kg8 26. Nd4 a5 27. Ra1 Ba6 28. Rg3
Kf7 29. Na4 Be7 30. c3 Bd8 31. Rf3 Bb7 32. g4 Bc6 33. f5 exf5 34. e6+ Rxe6 35.
Nxe6 Kxe6 36. gxf5+ gxf5 37. Kg1 g5 38. Rh3 Bxa4 39. Rxa4 Bb6+ 40. Kf1 Rh8 41.
b4 g4 42. bxa5 gxh3 43. axb6 Rb8 44. Rb4 Kd6 45. Kf2 Kc5 46. b7 Kc6 47. Rh4 Rxb7
48. Rxh3 Rb3 49. Ke2 Kc5 50. Kd2 Rb6 51. Kd3 f4 52. Rh5 Re6 53. Rf5 Re3+ 54. Kd2
Rh3 55. Rxf4 Rxh2+ 56. Kd3 h5 57. Rf8 Rh3+ 58. Kd2 h4 59. Rc8+ Kd6 60. Ke2 Rg3
61. Kf2 Rg4 62. Ke2 h3 63. Kf3 Rh4 64. Kg3 h2 65. Kxh4 h1=Q+ 66. Kg3 Qe1+ 67.
Kf3 Qe4+ 68. Kg3 Qe5+ 69. Kg2 Qg5+ 70. Kh2 Qh4+ 0-1

[Event "DRUZYNOWE MISTRZOSTWA POLSKI JUNIOROW - II LIGA"]
[Site "Szczyrk, CKiR Orle Gniazdo ul. Wrzosowa 28a"]
[Date "2014-07-27"]
[Round "4.62"]
[White "Beczala, Pawel"]
[Black "Mrozowski, Patryk"]
[Result "0-1"]
[WhiteTitle "II+"]
[BlackTitle "I"]
[WhiteElo "1711"]
[BlackElo "1795"]

1. e4 c5 2. Nc3 e5 3. g3 Nc6 4. Bg2 d6 5. d3 Be7 6. f4 Nf6 7. Nf3 Nd4 8. O-O Bg4
9. Ne2 Nxf3+ 10. Bxf3 h5 11. fxe5 dxe5 12. Bg5 Bh3 13. Rf2 Qb6 14. Nc3 Ng4 15.
Nd5 Qxb2 16. Bxe7 Nxf2 17. Kxf2 Qd4+ 18. Ke2 Qa4 19. Bd6 f6 20. Bxc5 Rc8 21. Be3
Qxc2+ 22. Bd2 Bg4 23. Ne3 Bxf3+ 24. Kxf3 Qxd3 25. Qa4+ Qd7 26. Qxd7+ Kxd7 27.
Bb4 Ke6 28. Rd1 Rhd8 29. Rxd8 Rxd8 30. h3 b6 31. Nd5 Rc8 32. g4 hxg4+ 33. hxg4
g6 34. Ke3 Rc4 35. a3 f5 36. gxf5+ gxf5 37. Kd3 Rxe4 38. Nc7+ Kd7 39. Nb5 a6 40.
Nc3 Rh4 41. Na4 Kc6 42. Nb2 Rh3+ 43. Kd2 Rh2+ 44. Kc3 Rh3+ 45. Kd2 Kd5 46. Na4
b5 47. Nb6+ Kd4 48. Nd7 Rh2+ 49. Kd1 e4 50. Ke1 e3 51. Bc5+ Ke4 52. Nf6+ Kf3 0-1

[Event "DRUZYNOWE MISTRZOSTWA POLSKI JUNIOROW - II LIGA"]
[Site "Szczyrk, CKiR Orle Gniazdo ul. Wrzosowa 28a"]
[Date "2014-07-27"]
[Round "4.63"]
[White "Jaszczuk, Mateusz"]
[Black "Walter, Szymon"]
[Result "0-1"]
[WhiteTitle "II"]
[BlackTitle "I++"]
[WhiteElo "1426"]
[BlackElo "2022"]

1. c4 Nf6 2. Nc3 g6 3. g3 Bg7 4. Bg2 O-O 5. d3 d6 6. Nf3 e5 7. O-O Nc6 8. Bg5 h6
9. Bxf6 Bxf6 10. Qd2 Bg7 11. a3 f5 12. Rab1 Be6 13. b4 Ne7 14. b5 g5 15. a4 Ng6
16. a5 Rb8 17. a6 b6 18. Ne1 h5 19. Nd5 Bxd5 20. Bxd5+ Kh7 21. Nc2 g4 22. Bg2
Bh6 23. Qe1 f4 24. Be4 Kg7 25. f3 Qg5 26. fxg4 hxg4 27. Kg2 Qh5 28. Rc1 fxg3 29.
hxg3 Rxf1 30. Qxf1 Bxc1 31. Qxc1 Qh3+ 32. Kg1 Qxg3+ 33. Bg2 Nf4 34. Qf1 Rh8 35.
Qf2 Nh3+ 0-1

[Event "DRUZYNOWE MISTRZOSTWA POLSKI JUNIOROW - II LIGA"]
[Site "Szczyrk, CKiR Orle Gniazdo ul. Wrzosowa 28a"]
[Date "2014-07-27"]
[Round "4.65"]
[White "Krzysztynska, Anna"]
[Black "Binkowska, Agata"]
[Result "0-1"]
[WhiteTitle "I"]
[BlackTitle "I"]
[WhiteElo "1411"]
[BlackElo "1602"]

1. e4 c5 2. Nf3 Nc6 3. d4 cxd4 4. Nxd4 Nf6 5. Nc3 e5 6. Nf3 Bb4 7. Bd2 O-O 8. Bd3
d5 9. Qe2 d4 10. Nb1 Be6 11. Bxb4 Nxb4 12. Nxe5 Qa5 13. c3 Nxd3+ 14. Nxd3 Bc4
15. Nd2 dxc3 16. bxc3 Qxc3 17. Rc1 Qxc1+ 18. Nxc1 Bxe2 19. Nxe2 Rac8 20. a3 Rfd8
21. f3 Rd3 22. Nf1 Rxa3 23. Kf2 Ra1 24. h4 a5 25. Rh3 a4 26. Nd2 Rc2 27. Nf1 Raa2
28. Nfg3 a3 29. Rh1 h6 30. Rb1 Rab2 31. Re1 a2 32. Nf1 Rxe2+ 33. Rxe2 Rxe2+ 34.
Kxe2 a1=Q 0-1

[Event "DRUZYNOWE MISTRZOSTWA POLSKI JUNIOROW - II LIGA"]
[Site "Szczyrk, CKiR Orle Gniazdo ul. Wrzosowa 28a"]
[Date "2014-07-27"]
[Round "4.66"]
[White "Buchta, Agnieszka"]
[Black "Winter, Anna"]
[Result "1/2-1/2"]
[WhiteTitle "II+"]
[BlackTitle "II+"]
[WhiteElo "1371"]
[BlackElo "1340"]

1. e4 d5 2. exd5 Qxd5 3. Nf3 c6 4. Be2 Bf5 5. d4 Nf6 6. O-O e6 7. c4 Qd6 8. Nc3
Nbd7 9. h3 Be7 10. Be3 O-O 11. Qd2 Qc7 12. Rad1 Rfd8 13. Qc1 Rac8 14. b3 h6 15.
Qb2 Ne4 16. Nxe4 Bxe4 17. Nd2 Bf5 18. Bf3 Nf6 19. Nb1 Be4 20. Bxe4 Nxe4 21. Nc3
Nxc3 22. Qxc3 Bf6 23. Qc2 Rd7 24. Rd2 Rcd8 25. Rfd1 Qa5 26. Qe4 Qh5 27. b4 Qh4
28. Qxh4 Bxh4 29. a4 Be7 30. b5 c5 31. dxc5 Rxd2 32. Rxd2 Rxd2 33. Bxd2 Bxc5 34.
Kf1 Kf8 35. Ke2 Ke7 36. f4 h5 37. Kd3 Kd6 38. Ke4 f6 39. Kd3 Kc7 40. a5 Kd7 1/2-1/2

[Event "DRUZYNOWE MISTRZOSTWA POLSKI JUNIOROW - II LIGA"]
[Site "Szczyrk, CKiR Orle Gniazdo ul. Wrzosowa 28a"]
[Date "2014-07-27"]
[Round "4.67"]
[White "Nun, Grzegorz"]
[Black "Stasiowski, Karol"]
[Result "1-0"]
[WhiteTitle "I"]
[BlackTitle "II"]
[WhiteElo "1907"]
[BlackElo "1521"]

1. e4 e6 2. d3 d5 3. Nd2 c5 4. g3 Nc6 5. Ngf3 g6 6. Bg2 Bg7 7. O-O Nge7 8. Qe2
O-O 9. c3 b6 10. e5 Ba6 11. Re1 Qc7 12. Nf1 Rfd8 13. h4 d4 14. c4 b5 15. b3 bxc4
16. bxc4 Rab8 17. N1h2 Bb7 18. Ng4 Nf5 19. Nf6+ Bxf6 20. exf6 Nb4 21. Bf4 Nd6
22. h5 Bxf3 23. Bxf3 Qd7 24. hxg6 hxg6 25. Kg2 Rb6 26. Rh1 Rf8 27. Bxd6 Qxd6 28.
Qd2 1-0

[Event "DRUZYNOWE MISTRZOSTWA POLSKI JUNIOROW - II LIGA"]
[Site "Szczyrk, CKiR Orle Gniazdo ul. Wrzosowa 28a"]
[Date "2014-07-27"]
[Round "4.68"]
[White "Fudalej, Slawomir"]
[Black "Komandera, Pawel"]
[Result "1-0"]
[WhiteTitle "I"]
[BlackTitle "II"]
[WhiteElo "1615"]
[BlackElo "1453"]

1. d4 e6 2. e4 d5 3. Nc3 dxe4 4. Nxe4 Bd7 5. Bd3 Bc6 6. Nf3 Nd7 7. O-O Ngf6 8.
Nxf6+ Nxf6 9. c3 Bd6 10. Re1 O-O 11. Bg5 h6 12. Bh4 g5 13. Bg3 Bxg3 14. hxg3 b6
15. Ne5 Bb7 16. f3 Nh5 17. Kf2 Nf6 18. Rh1 Kg7 19. Qc2 Rh8 20. Bg6 Ng4+ 21. fxg4
Qd5 22. Rh2 f6 23. Bh5 Qe4 24. Qxe4 Bxe4 25. Nf3 Bc6 26. Re1 Bd7 27. Rhh1 Rad8
28. Re3 Bc8 29. Rhe1 Rd6 30. Nd2 Rf8 31. Ne4 Rc6 32. b4 a6 33. a4 f5 34. gxf5
exf5 35. Nd2 f4 36. Re7+ Kg8 37. c4 fxg3+ 38. Kxg3 Rcf6 39. Re8 Bd7 40. Rxf8+
Rxf8 41. Rf1 Rd8 42. b5 axb5 43. axb5 Ra8 44. Bg4 Be8 45. Ne4 Kg7 46. Nf6 Bg6
47. Bh5 Bd3 48. Rf3 Bxc4 49. Be8 Ra2 50. Bc6 Rd2 51. Ne8+ Kg8 52. d5 Bxd5 53.
Bxd5+ Rxd5 54. Nf6+ Kg7 55. Nxd5 1-0

[Event "DRUZYNOWE MISTRZOSTWA POLSKI JUNIOROW - II LIGA"]
[Site "Szczyrk, CKiR Orle Gniazdo ul. Wrzosowa 28a"]
[Date "2014-07-27"]
[Round "4.69"]
[White "Ficek, Szymon"]
[Black "Maciak, Jakub"]
[Result "1-0"]
[WhiteTitle "II"]
[BlackTitle "II"]
[WhiteElo "1144"]
[BlackElo "1280"]

1. b4 e5 2. Bb2 Bxb4 3. Bxe5 Nf6 4. Nc3 Nc6 5. Bxf6 Qxf6 6. Nd5 Qe5 7. Nxb4 Nxb4
8. Rb1 Nc6 9. e3 O-O 10. Bc4 a6 11. Nf3 Qe7 12. d4 d6 13. Bd3 b5 14. O-O Bd7 15.
Re1 Na5 16. Qe2 c5 17. c3 Bc6 18. h3 f5 19. e4 fxe4 20. Bxe4 Bxe4 21. Qxe4 Qxe4
22. Rxe4 Nc4 23. Rbe1 cxd4 24. Rxd4 Rfe8 25. Rde4 Kf8 26. Ng5 Rxe4 27. Rxe4 h6
28. Ne6+ Kf7 29. Nc7 Ra7 30. Nd5 Kf8 31. Re2 Rf7 32. Kf1 Ne5 33. f3 g5 34. Ke1
Nc4 35. Kd1 Rf5 36. Nc7 a5 37. Ne6+ Kf7 38. Nd4 Rd5 39. Kc2 b4 40. Nc6 bxc3 41.
Kxc3 Rc5 42. Nd8+ Kf6 43. Kd4 Ne5 44. Nb7 Rc1 45. Nxa5 Rd1+ 46. Kc3 d5 47. Nb3
Rd3+ 48. Kc2 d4 49. Nd2 Rc3+ 50. Kd1 Ke6 51. Ne4 Rd3+ 52. Kc2 Kd5 53. Nf6+ Kd6
54. Ne8+ Kd5 55. Rxe5+ 1-0

[Event "DRUZYNOWE MISTRZOSTWA POLSKI JUNIOROW - II LIGA"]
[Site "Szczyrk, CKiR Orle Gniazdo ul. Wrzosowa 28a"]
[Date "2014-07-27"]
[Round "4.72"]
[White "Szczecina, Kamil"]
[Black "Kulas, Szymon"]
[Result "1-0"]
[WhiteTitle "I"]
[BlackTitle "I++"]
[WhiteElo "1889"]
[BlackElo "2005"]

1. e4 c5 2. c3 d5 3. exd5 Qxd5 4. Nf3 Nc6 5. d4 e5 6. Bb5 cxd4 7. Bxc6+ bxc6 8.
cxd4 Bb4+ 9. Bd2 Bxd2+ 10. Qxd2 Qe4+ 11. Qe3 Qxe3+ 12. fxe3 exd4 13. exd4 Ne7
14. Nc3 O-O 15. Kf2 Be6 16. Rac1 Rac8 17. Rhd1 Rfd8 18. b3 Bd5 19. Nxd5 cxd5 20.
Rc5 Rxc5 21. dxc5 Nc6 22. Nd4 Nxd4 23. Rxd4 f6 24. Ra4 Rd7 25. Ke3 f5 26. Kd4
f4 27. c6 Rf7 28. Kxd5 g5 29. Rc4 1-0

[Event "DRUZYNOWE MISTRZOSTWA POLSKI JUNIOROW - II LIGA"]
[Site "Szczyrk, CKiR Orle Gniazdo ul. Wrzosowa 28a"]
[Date "2014-07-27"]
[Round "4.73"]
[White "Nowak, Kamil"]
[Black "Stemplewski, Kamil"]
[Result "1-0"]
[WhiteTitle "I"]
[BlackTitle "II"]
[WhiteElo "1845"]
[BlackElo "1535"]

1. e4 c5 2. Nf3 d6 3. d4 cxd4 4. Nxd4 Nf6 5. Nc3 a6 6. Be2 e6 7. f4 Qc7 8. Bf3
Be7 9. O-O O-O 10. Kh1 Nc6 11. Be3 Nxd4 12. Qxd4 e5 13. Qd2 Be6 14. Rfd1 Rfd8
15. a4 b6 16. f5 Bd7 17. g4 Bc6 18. Qf2 Qb7 19. Qg2 Nd7 20. g5 Bf8 21. Nd5 b5
22. a5 Nc5 23. b3 Bxd5 24. Rxd5 Qc7 25. Qd2 Nd7 26. Be2 Rdb8 27. c4 b4 28. Bf3
Rb7 29. h4 Nc5 30. Bxc5 dxc5 31. Qa2 Qe7 32. Qh2 Re8 33. Qg3 Qc7 34. Bg4 Rbb8
35. f6 Rbd8 36. fxg7 Bxg7 37. Bf5 Rxd5 38. exd5 Qd6 39. Be4 Rf8 40. Rf1 h6 41.
Rf6 Qc7 42. gxh6 1-0

[Event "DRUZYNOWE MISTRZOSTWA POLSKI JUNIOROW - II LIGA"]
[Site "Szczyrk, CKiR Orle Gniazdo ul. Wrzosowa 28a"]
[Date "2014-07-27"]
[Round "4.76"]
[White "Kotula, Magdalena"]
[Black "Szulc, Patrycja"]
[Result "1-0"]
[WhiteTitle "I+"]
[BlackTitle "II"]
[WhiteElo "1613"]
[BlackElo "1383"]

1. e4 c5 2. Nf3 d6 3. d4 cxd4 4. Nxd4 Nf6 5. Nc3 a6 6. Bc4 e6 7. Bb3 Nbd7 8. Qe2
Nc5 9. Rf1 b5 10. f3 Qb6 11. Be3 g6 12. Qd2 Bg7 13. O-O-O O-O 14. Bh6 Rd8 15.
Bxg7 Kxg7 16. Qg5 Nxb3+ 17. axb3 Bd7 18. e5 dxe5 19. Qxe5 Rac8 20. Ne4 Qa5 21.
Qxf6+ Kg8 22. Kb1 Qc7 23. c3 a5 24. h4 e5 25. Ne2 b4 26. Qd6 Qxd6 27. Rxd6 Kg7
28. Rfd1 Rc7 29. Nf6 Bf5+ 30. Ne4 Rb8 31. c4 a4 32. Ka2 axb3+ 33. Kxb3 Be6 34.
Rc1 Rbc8 35. Nd2 f5 36. Rxe6 1-0

[Event "DRUZYNOWE MISTRZOSTWA POLSKI JUNIOROW - II LIGA"]
[Site "Szczyrk, CKiR Orle Gniazdo ul. Wrzosowa 28a"]
[Date "2014-07-27"]
[Round "4.77"]
[White "Dadello, Barbara"]
[Black "Gredka, Dominika"]
[Result "0-1"]
[WhiteTitle "II+"]
[BlackTitle "I"]
[WhiteElo "1172"]
[BlackElo "1491"]

1. e4 Nf6 2. Nc3 e5 3. Bc4 Be7 4. d3 h6 5. Nf3 d6 6. Be3 O-O 7. Qd2 Kh7 8. O-O-O
a6 9. h3 b5 10. Bd5 Nxd5 11. Nxd5 b4 12. Qxb4 Nc6 13. Qd2 Rb8 14. Kb1 Be6 15.
Nxe7 Qxe7 16. g4 d5 17. exd5 Bxd5 18. Qe2 Qf6 19. Nd2 Bxh1 20. Rxh1 Rb7 21. Ne4
Qe7 22. Bc5 Qd8 23. Bxf8 Qxf8 24. Re1 Nd4 25. Qe3 Qb8 26. b3 a5 27. Rd1 a4 28.
Qd2 axb3 29. cxb3 Nxb3 30. axb3 Rxb3+ 31. Kc1 Rb1+ 32. Kc2 Qb3# 0-1

[Event "DRUZYNOWE MISTRZOSTWA POLSKI JUNIOROW - II LIGA"]
[Site "Szczyrk, CKiR Orle Gniazdo ul. Wrzosowa 28a"]
[Date "2014-07-27"]
[Round "4.78"]
[White "Lizak, Jakub"]
[Black "Tamon, Radoslaw"]
[Result "1-0"]
[WhiteTitle "I++"]
[BlackTitle "I"]
[WhiteElo "1980"]
[BlackElo "1721"]

1. e4 e6 2. d4 d5 3. Nc3 Bb4 4. exd5 exd5 5. Bd3 Nf6 6. Nge2 Nc6 7. O-O O-O 8.
Bg5 Be6 9. f3 Be7 10. Be3 Qd7 11. Ng3 Bd6 12. a3 h6 13. Qd2 Ne7 14. Nb5 Bxg3 15.
hxg3 c6 16. Nc3 Bf5 17. g4 Bxd3 18. Qxd3 Nh7 19. Qd2 g5 20. Rae1 Rae8 21. Bf2
Ng6 22. Bg3 Kg7 23. Nd1 f5 24. gxf5 Qxf5 25. Ne3 Qd7 26. Ng4 h5 27. Rxe8 Rxe8
28. Ne5 Qf5 29. Qb4 Qc8 30. Re1 Nxe5 31. Rxe5 Nf6 32. Rxg5+ Kf7 33. Be5 h4 34.
Qd2 Qd8 35. Rf5 Re6 36. Qh6 h3 37. Qh7+ Ke8 38. Qh8+ Ke7 39. Bxf6+ 1-0

[Event "DRUZYNOWE MISTRZOSTWA POLSKI JUNIOROW - II LIGA"]
[Site "Szczyrk, CKiR Orle Gniazdo ul. Wrzosowa 28a"]
[Date "2014-07-27"]
[Round "4.79"]
[White "Blocinski, Maciej"]
[Black "Szolc, Grzegorz"]
[Result "0-1"]
[WhiteTitle "I"]
[BlackTitle "I"]
[WhiteElo "1717"]
[BlackElo "1883"]

1. d4 g6 2. c4 Bg7 3. Nc3 f5 4. Nf3 Nf6 5. Bg5 d6 6. e3 O-O 7. Bd3 c6 8. O-O Qe8
9. d5 Na6 10. Rc1 h6 11. Bxf6 Bxf6 12. Qe2 Nc5 13. Bb1 e5 14. dxe6 Bxe6 15. Rfd1
Rd8 16. b4 Na6 17. a3 Bf7 18. Nd4 Nc7 19. e4 f4 20. Qd3 Be5 21. Nce2 Ne6 22. Nxe6
Bxe6 23. Nd4 Kh7 24. Nxe6 Qxe6 25. f3 Qf6 26. b5 c5 27. Qd5 Rd7 28. Qd2 Bd4+ 29.
Kh1 Qe5 30. Qe2 h5 31. a4 Kh8 32. a5 g5 33. Rc2 Rg8 34. Rcd2 g4 35. Rxd4 cxd4
36. Qd3 Rdg7 37. Qxd4 Qxd4 38. Rxd4 gxf3 39. g3 fxg3 40. hxg3 Rxg3 41. Kh2 Rg2+
42. Kh3 Rg1 0-1